| 000 | 00000nas 2200000za 4500 |
| 001 | 9.503577 |
| 003 | CaOODSP |
| 005 | 20221107133301 |
| 007 | cr ||||||||||| |
| 008 | 150406d20072013oncar p o||||f| |0fre|d |
| 040 | |aCaOODSP|bfre |
| 043 | |an-cn--- |
| 086 | 1 |aNS1-23F-PDF |
| 110 | 2 |aConseil de recherches en sciences naturelles et en génie du Canada. |
| 245 | 10|aProgramme des coûts indirects, rapport d'étape pour la période allant ... |h[ressource électronique]. |
| 260 | |aOttawa : |bConseil de recherches en sciences naturelles et en génie |
| 310 | |aAnnuel |
| 362 | 1 |aParaît depuis 2006-2007; ne paraît plus après 2012-2013. |
| 500 | |aPublié aussi en anglais sous le titre : Indirect Costs Program, progress report for ... |
| 691 | 07|aRecherche scientifique|2gcpds |
| 775 | 08|tIndirect Costs Program, progress report for ... |w(CaOODSP)9.507188 |
| 780 | 00|tProgramme des coûts indirects, rapport au ministre |w(CaOODSP)9.501804 |